[Event "36th European Club Cup 2021"]
[Site "Struga"]
[Date "2021.09.22"]
[Round "5.48"]
[White "Carroll, Peter"]
[Black "Heinz, Timothee"]
[Result "0-1"]
[WhiteElo "2059"]
[BlackElo "2394"]
[Annotator "NA"]
[PlyCount "78"]
[EventDate "2021.09.18"]
[EventType "team-tourn"]
[EventCountry "MKD"]
[SourceTitle "playchess.com"]
[Source "ChessBase"]
[SourceQuality "1"]
[TimeControl "40/5400+30:1800+30"]

1. e4 {[%emt 0:01:47]} c6 {[%emt 0:00:09]} 2. d4 {[%emt 0:00:06]} d5 {[%emt 0:
00:06]} 3. Nc3 {[%emt 0:00:36]} dxe4 {[%emt 0:00:12]} 4. Nxe4 {[%emt 0:00:06]}
Nf6 {[%emt 0:00:06]} 5. Nxf6+ {[%emt 0:00:06]} exf6 {[%emt 0:00:07]} 6. Bc4 {
[%emt 0:05:28]} Bd6 {[%emt 0:00:23]} 7. Qe2+ {[%emt 0:02:38]} Be7 {[%emt 0:00:
28]} 8. Nf3 {[%emt 0:00:32]} O-O {[%emt 0:00:26]} 9. O-O {[%emt 0:00:07]} Bg4 {
[%emt 0:08:08]} 10. c3 {[%emt 0:01:09]} Nd7 {[%emt 0:00:50]} 11. h3 {[%emt 0:
02:54]} Bh5 {[%emt 0:02:59]} 12. Bf4 {[%emt 0:06:10]} Nb6 {[%emt 0:02:15]} 13.
Bb3 {[%emt 0:00:50]} Re8 {[%emt 0:02:22]} 14. Qd3 {[%emt 0:04:54]} Qd7 {
[%emt 0:16:52]} 15. Bh2 {[%emt 0:05:40]} c5 {[%emt 0:08:15]} 16. d5 {[%emt 0:
15:08]} Bg6 {[%emt 0:04:07]} 17. Qd2 {[%emt 0:03:04]} Be4 {[%emt 0:05:15]} 18.
d6 {[%emt 0:11:34]} Bxf3 {[%emt 0:02:18]} 19. gxf3 {[%emt 0:00:53]} Bf8 {
[%emt 0:01:18]} 20. Kg2 {[%emt 0:02:32]} Rad8 {[%emt 0:03:04]} 21. Rad1 {
[%emt 0:01:35]} g6 {[%emt 0:09:38]} 22. Qf4 {[%emt 0:05:21]} f5 {[%emt 0:02:06]
} 23. Rd2 {[%emt 0:01:16]} Bg7 {[%emt 0:01:25]} 24. Rfd1 {[%emt 0:11:07]} Be5 {
[%emt 0:02:18]} 25. Qh4 {[%emt 0:00:01]} Bxh2 {[%emt 0:00:17]} 26. Kxh2 {
[%emt 0:00:02]} Kg7 {[%emt 0:04:15]} 27. a4 {[%emt 0:04:36]} a5 {[%emt 0:00:53]
} 28. Bc2 {[%emt 0:00:46]} Qe6 {[%emt 0:03:11]} 29. Kg2 {[%emt 0:05:15]} Rd7 {
[%emt 0:09:49]} 30. b4 {[%emt 0:03:34]} Qc4 {[%emt 0:00:28]} 31. Qxc4 {[%emt 0:
01:16]} Nxc4 {[%emt 0:00:02]} 32. Rd5 {[%emt 0:04:28]} Re2 {[%emt 0:00:19]} 33.
Bd3 {[%emt 0:00:57]} Ne3+ {[%emt 0:00:06]} 34. Kg1 {[%emt 0:00:24]} Nxd5 {
[%emt 0:00:55]} 35. Bxe2 {[%emt 0:00:13]} Nxc3 {[%emt 0:00:02]} 36. Rd2 {
[%emt 0:00:43]} Nxe2+ {[%emt 0:00:15]} 37. Rxe2 {[%emt 0:00:02]} cxb4 {[%emt 0:
00:34]} 38. Re7 {[%emt 0:00:06]} Rxd6 {[%emt 0:00:07]} 39. Rxb7 {[%emt 0:00:06]
} Rd1+ {[%emt 0:00:07]} 0-1

[Event "36th European Club Cup 2021"]
[Site "Struga"]
[Date "2021.09.22"]
[Round "5.49"]
[White "Dardha, Daniel"]
[Black "Westerberg, Jonathan"]
[Result "1/2-1/2"]
[WhiteElo "2521"]
[BlackElo "2526"]
[Annotator "TA"]
[PlyCount "136"]
[EventDate "2021.09.18"]
[EventType "team-tourn"]
[EventCountry "MKD"]
[SourceTitle "playchess.com"]
[Source "ChessBase"]
[SourceQuality "1"]

{[%evp 9,136,7,18,0,0,0,4,0,5,0,0,-11,0,-14,6,-16,-14,-35,13,0,39,34,30,32,45,
9,26,12,4,-17,-11,-16,0,0,0,-3,0,0,18,-4,37,33,42,46,39,51,83,0,0,-1,-1,-8,-14,
-52,0,-54,-49,-35,-62,-55,0,0,0,-5,-10,-16,-8,-11,0,-218,-205,-252,-169,-169,
-164,-162,-139,-153,-110,-166,-157,-151,-83,-85,-86,-58,-16,-67,-67,-67,-67,
-77,-29,-31,-29,-33,-20,-20,-11,-12,-12,-11,-11,-12,-11,-67,-67,-67,-53,-68,
-67,-68,-67,-68,-68,-68,-68,-68,-68,-68,-68,-68,-68,-68,-68,-68,-67,-68,-67]} 
1. c4 e5 2. Nc3 Nc6 3. Nf3 Nf6 4. g3 Bb4 5. Bg2 Bxc3 6. dxc3 {A29: English
Opening: Four Knights Variation with 4 g3.} d6 7. O-O h6 8. e4 {The position
is equal.} Be6 9. b3 Qd7 10. Re1 {[#]} Bh3 $146 ({Predecessor:} 10... O-O 11.
Nd2 Nh7 12. h4 f5 13. exf5 Bxf5 14. Ne4 Kh8 15. Be3 Rad8 16. Qd5 Be6 17. Qd3 a6
18. a4 Na5 19. Nd2 Qf7 20. Bd5 Nf6 21. b4 Nc6 22. Bg2 {1/2-1/2 (22) Mandetta,J
(2307)-Goncalves,D (2035) Florianopolis 2016}) 11. Bh1 g5 12. b4 Qe6 13. Qe2
Nh5 14. c5 Nf4 15. Bxf4 gxf4 16. cxd6 cxd6 17. Rad1 O-O-O 18. b5 Ne7 19. Qb2
Kb8 20. Qb4 fxg3 21. hxg3 Bg4 22. Rd3 Bxf3 23. Rxf3 Rhf8 24. c4 Rc8 25. Rd1
Rfd8 26. Bg2 Rxc4 27. Qb3 Rdc8 28. Rfd3 (28. Bf1 $1 $16 {[%cal Rf1c4]} Rd4 29.
Rxd4 exd4 30. Qxe6 fxe6 31. Rf6) 28... d5 $11 29. exd5 Qd6 30. Qa3 R8c5 31. Re3
f6 (31... f5 $15) 32. Qd3 (32. Bf1 $11 Rc2 33. Bh3) 32... Rd4 $15 33. Qe2 {
Strongly threatening Rxd4.} Rxd1+ (33... Nxd5 34. Rxd4 exd4 35. Re8+ Kc7 36.
Qe4 $16) 34. Qxd1 f5 ({But not} 34... Nxd5 $2 35. Rd3 $18) ({Black should play
} 34... Rxb5 $15 35. Rb3 Rxb3 36. axb3 f5) 35. Re1 $11 e4 $36 {[%mdl 2048]
Black is pushing.} 36. Qh5 Rxd5 37. Rc1 Qg6 38. Qe2 Rd8 39. g4 $2 {[#]} (39.
Rd1 $11 {and White has nothing to worry.} Rd6 40. g4) 39... Rg8 $1 $19 ({Resist
} 39... Qxg4 40. Qxg4 fxg4 41. Bxe4 $17) 40. Kf1 Qxg4 41. Qxg4 Rxg4 {[%mdl
4096] Endgame KRB-KRN} ({Don't play} 41... fxg4 42. Bxe4 Rd8 43. Rc4 $15) 42.
f3 exf3 43. Bxf3 Rd4 44. Re1 {[#]} (44. Rc5 $17) 44... Nc8 $1 45. Re6 Rd6 (
45... Rb4 $142 46. Rxh6 Rxb5) 46. Re5 $17 Rf6 47. a4 a6 48. Kf2 (48. bxa6 $1
$11 bxa6 49. Be2) 48... axb5 49. Rxb5 Nd6 50. Re5 Ka7 51. Kg3 f4+ 52. Kg4 Nf7
53. Ra5+ Kb8 54. Rb5 $1 Nd8 55. Rf5 Ra6 56. Rxf4 Ne6 57. Rf6 ({Better is} 57.
Rb4 $11) 57... Rxa4+ $15 {Black is slightly better.} 58. Kh5 Nd4 59. Bxb7 Kxb7
60. Kxh6 {KRN-KR} Kc7 61. Kg6 Kd7 62. Rf7+ Kd6 63. Rf6+ Ke5 64. Rf1 Ra6+ 65.
Kf7 Nc2 66. Rc1 Ne3 67. Re1 Ra3 68. Rb1 Kf5 {Black had all chances to win. 
Weighted Error Value: White=0.22/Black=0.13} 1/2-1/2

[Event "36th European Club Cup 2021"]
[Site "Struga"]
[Date "2021.09.22"]
[Round "5.50"]
[White "Seo, Jung Min"]
[Black "Roeder, Matthias"]
[Result "0-1"]
[WhiteElo "2469"]
[BlackElo "2372"]
[Annotator "ChessBase"]
[PlyCount "112"]
[EventDate "2021.09.18"]
[EventType "team-tourn"]
[EventCountry "MKD"]
[SourceTitle "playchess.com"]
[Source "ChessBase"]
[SourceQuality "1"]
[TimeControl "40/5400+30:1800+30"]

1. e4 {[%emt 0:00:02]} c5 {[%emt 0:00:10]} 2. Nc3 {[%emt 0:00:12]} Nc6 {
[%emt 0:02:26]} 3. g3 {[%emt 0:00:42]} g6 {[%emt 0:00:13]} 4. Bg2 {[%emt 0:00:
06]} Bg7 {[%emt 0:00:08]} 5. Nge2 {[%emt 0:00:04]} Rb8 {[%emt 0:07:39]} 6. a4 {
[%emt 0:07:07]} d6 {[%emt 0:12:59]} 7. d3 {[%emt 0:00:54]} a6 {[%emt 0:06:48]}
8. Be3 {[%emt 0:02:37]} Nf6 {[%emt 0:01:18]} 9. h3 {[%emt 0:02:12]} b5 {
[%emt 0:03:49]} 10. axb5 {[%emt 0:01:25]} axb5 {[%emt 0:00:08]} 11. f4 {
[%emt 0:01:42]} b4 {[%emt 0:06:19]} 12. Na4 {[%emt 0:05:57]} Bd7 {[%emt 0:06:
07]} 13. c3 {[%emt 0:12:33]} O-O {[%emt 0:05:15]} 14. d4 {[%emt 0:01:53]} Na5 {
[%emt 0:03:20]} 15. dxc5 {[%emt 0:11:54]} Bc6 {[%emt 0:07:51]} 16. Nb6 {
[%emt 0:02:43]} Nb7 {[%emt 0:04:51]} 17. cxb4 {[%emt 0:03:04]} dxc5 {[%emt 0:
01:50]} 18. bxc5 {[%emt 0:02:59]} Nxe4 {[%emt 0:00:31]} 19. Qxd8 {[%emt 0:20:
32]} Rfxd8 {[%emt 0:00:10]} 20. O-O {[%emt 0:01:34]} Nbxc5 {[%emt 0:00:59]} 21.
Nc4 {[%emt 0:01:28]} Bb5 {[%emt 0:05:30]} 22. Rac1 {[%emt 0:01:13]} f5 {
[%emt 0:00:06]} 23. Bxc5 {[%emt 0:04:47]} Nxc5 {[%emt 0:00:06]} 24. Bf3 {
[%emt 0:01:57]} Nd3 {[%emt 0:00:25]} 25. Rc2 {[%emt 0:00:05]} Nb4 {[%emt 0:00:
09]} 26. Rcc1 {[%emt 0:00:02]} Rd3 {[%emt 0:06:26]} 27. Kg2 {[%emt 0:03:12]} e6
{[%emt 0:01:47]} 28. Ng1 {[%emt 0:02:55]} Bd4 {[%emt 0:07:49]} 29. Be2 {
[%emt 0:01:11]} Bxg1 {[%emt 0:00:18]} 30. Rxg1 {[%emt 0:00:18]} Bxc4 {[%emt 0:
00:46]} 31. Rxc4 {[%emt 0:00:03]} Rd2 {[%emt 0:00:15]} 32. Kf2 {[%emt 0:01:48]}
Nd5 {[%emt 0:00:52]} 33. b4 {[%emt 0:00:23]} Rxb4 {[%emt 0:01:16]} 34. Rxb4 {
[%emt 0:00:01]} Nxb4 {[%emt 0:00:09]} 35. Rd1 {[%emt 0:00:40]} Rxd1 {[%emt 0:
01:00]} 36. Bxd1 {[%emt 0:00:01]} Nd5 {[%emt 0:00:31]} 37. Kf3 {[%emt 0:00:36]}
h6 {[%emt 0:00:15]} 38. g4 {[%emt 0:01:35]} Kf7 {[%emt 0:00:24]} 39. Ba4 {
[%emt 0:00:36]} Kf6 {[%emt 0:00:12]} 40. Bb3 {[%emt 0:00:00]} Ne7 {[%emt 0:00:
00]} 41. Ba4 {[%emt 0:01:41]} e5 {[%emt 0:02:37]} 42. fxe5+ {[%emt 0:00:04]}
Kxe5 {[%emt 0:00:08]} 43. gxf5 {[%emt 0:00:01]} gxf5 {[%emt 0:00:55]} 44. Bb5 {
[%emt 0:00:55]} Kf6 {[%emt 0:01:00]} 45. Ba4 {[%emt 0:01:26]} Ng6 {[%emt 0:00:
09]} 46. Bb5 {[%emt 0:00:11]} Kg5 {[%emt 0:00:03]} 47. Bf1 {[%emt 0:00:55]} h5
{[%emt 0:03:28]} 48. Ke3 {[%emt 0:00:58]} h4 {[%emt 0:00:50]} 49. Kf3 {[%emt 0:
01:15]} Kf6 {[%emt 0:00:45]} 50. Ba6 {[%emt 0:00:35]} Ke5 {[%emt 0:00:06]} 51.
Bb5 {[%emt 0:01:20]} Nf4 {[%emt 0:01:08]} 52. Bf1 {[%emt 0:00:02]} Ne6 {
[%emt 0:00:16]} 53. Ba6 {[%emt 0:00:16]} Ng5+ {[%emt 0:02:14]} 54. Kg2 {
[%emt 0:00:05]} Ke4 {[%emt 0:05:12]} 55. Bc8 {[%emt 0:01:28]} f4 {[%emt 0:00:
19]} 56. Kf2 {[%emt 0:00:04]} f3 {[%emt 0:00:07]} 0-1

[Event "36th European Club Cup 2021"]
[Site "Struga"]
[Date "2021.09.22"]
[Round "5.51"]
[White "Boidman, Yuri"]
[Black "Lokander, Martin"]
[Result "0-1"]
[WhiteElo "2318"]
[BlackElo "2452"]
[Annotator "ChessBase"]
[PlyCount "68"]
[EventDate "2021.09.18"]
[EventType "team-tourn"]
[EventCountry "MKD"]
[SourceTitle "playchess.com"]
[Source "ChessBase"]
[SourceQuality "1"]
[TimeControl "40/5400+30:1800+30"]

1. e4 {[%emt 0:00:06]} e5 {[%emt 0:00:10]} 2. Nf3 {[%emt 0:00:10]} Nc6 {
[%emt 0:00:07]} 3. Bb5 {[%emt 0:00:09]} a6 {[%emt 0:01:30]} 4. Ba4 {[%emt 0:00:
12]} d6 {[%emt 0:00:05]} 5. Bxc6+ {[%emt 0:00:36]} bxc6 {[%emt 0:00:40]} 6. d4
{[%emt 0:00:39]} f6 {[%emt 0:01:13]} 7. O-O {[%emt 0:00:15]} Ne7 {[%emt 0:02:
09]} 8. Nbd2 {[%emt 0:00:57]} Ng6 {[%emt 0:01:58]} 9. Nb3 {[%emt 0:00:47]} Be7
{[%emt 0:00:46]} 10. Na5 {[%emt 0:00:28]} Qd7 {[%emt 0:02:59]} 11. Qd3 {
[%emt 0:02:05]} d5 {[%emt 0:01:42]} 12. c4 {[%emt 0:08:57]} f5 {[%emt 0:00:44]}
13. Nxe5 {[%emt 0:13:20]} Nxe5 {[%emt 0:01:33]} 14. dxe5 {[%emt 0:00:11]} fxe4
{[%emt 0:00:04]} 15. Qg3 {[%emt 0:04:01]} O-O {[%emt 0:00:43]} 16. Bh6 {
[%emt 0:03:28]} Rf7 {[%emt 0:00:46]} 17. cxd5 {[%emt 0:04:59]} cxd5 {[%emt 0:
01:43]} 18. Rac1 {[%emt 0:00:47]} c5 {[%emt 0:03:20]} 19. b4 {[%emt 0:14:40]}
Qa4 {[%emt 0:13:11]} 20. f3 {[%emt 0:05:30]} Be6 {[%emt 0:15:03]} 21. fxe4 {
[%emt 0:02:19]} Raf8 {[%emt 0:00:03]} 22. Rf6 {[%emt 0:06:46]} Qd7 {[%emt 0:08:
19]} 23. Rxf7 {[%emt 0:06:24]} Rxf7 {[%emt 0:00:04]} 24. bxc5 {[%emt 0:00:57]}
dxe4 {[%emt 0:09:27]} 25. c6 {[%emt 0:02:33]} Bc5+ {[%emt 0:04:30]} 26. Kh1 {
[%emt 0:00:22]} Qc7 {[%emt 0:01:50]} 27. Nb7 {[%emt 0:02:56]} Bf2 {[%emt 0:12:
52]} 28. Qg5 {[%emt 0:00:10]} Rf5 {[%emt 0:00:36]} 29. Qd8+ {[%emt 0:01:21]}
Qxd8 {[%emt 0:00:02]} 30. Nxd8 {[%emt 0:00:05]} Bc8 {[%emt 0:00:01]} 31. Bd2 {
[%emt 0:03:26]} e3 {[%emt 0:00:43]} 32. Bc3 {[%emt 0:00:43]} e2 {[%emt 0:00:08]
} 33. g3 {[%emt 0:04:23]} Bb6 {[%emt 0:01:40]} 34. Kg2 {[%emt 0:05:47]} Rf2+ {
[%emt 0:00:10]} 0-1

[Event "36th European Club Cup 2021"]
[Site "Struga"]
[Date "2021.09.22"]
[Round "5.52"]
[White "Ertan, Can"]
[Black "Hautot, Stephane"]
[Result "1-0"]
[WhiteElo "2384"]
[BlackElo "2329"]
[Annotator "NA"]
[PlyCount "39"]
[EventDate "2021.09.18"]
[EventType "team-tourn"]
[EventCountry "MKD"]
[SourceTitle "playchess.com"]
[Source "ChessBase"]
[SourceQuality "1"]
[TimeControl "40/5400+30:1800+30"]

1. e4 {[%emt 0:00:02]} d6 {[%emt 0:00:49]} 2. d4 {[%emt 0:00:04]} Nf6 {[%emt 0:
00:03]} 3. Nc3 {[%emt 0:00:04]} Nbd7 {[%emt 0:00:03]} 4. f4 {[%emt 0:00:04]} e5
{[%emt 0:00:03]} 5. Nf3 {[%emt 0:00:03]} exd4 {[%emt 0:00:14]} 6. Qxd4 {
[%emt 0:00:06]} c6 {[%emt 0:00:04]} 7. Be3 {[%emt 0:00:06]} d5 {[%emt 0:00:41]}
8. e5 {[%emt 0:00:06]} Ng4 {[%emt 0:00:22]} 9. Bg1 {[%emt 0:01:55]} Nh6 {
[%emt 0:00:14]} 10. O-O-O {[%emt 0:01:53]} Qa5 {[%emt 0:03:44]} 11. g4 {
[%emt 0:12:07]} Nxg4 {[%emt 0:22:46]} 12. f5 {[%emt 0:02:21]} Nh6 {[%emt 0:23:
17]} 13. e6 {[%emt 0:18:39]} fxe6 {[%emt 0:01:24]} 14. fxe6 {[%emt 0:00:04]}
Nf6 {[%emt 0:00:27]} 15. Bh3 {[%emt 0:04:25]} Qb4 {[%emt 0:07:31]} 16. Qd2 {
[%emt 0:03:24]} Be7 {[%emt 0:08:41]} 17. Bd4 {[%emt 0:03:26]} Ne4 {[%emt 0:12:
55]} 18. Nxe4 {[%emt 0:04:33]} dxe4 {[%emt 0:00:04]} 19. Bxg7 {[%emt 0:00:14]}
Rg8 {[%emt 0:00:10]} 20. Qxh6 {[%emt 0:00:12]} 1-0

[Event "36th European Club Cup 2021"]
[Site "Struga"]
[Date "2021.09.22"]
[Round "5.53"]
[White "Dardha, Arben"]
[Black "Arman, Deniz"]
[Result "1/2-1/2"]
[WhiteElo "2253"]
[BlackElo "2336"]
[Annotator "NA"]
[PlyCount "66"]
[EventDate "2021.09.18"]
[EventType "team-tourn"]
[EventCountry "MKD"]
[SourceTitle "playchess.com"]
[Source "ChessBase"]
[SourceQuality "1"]
[TimeControl "40/5400+30:1800+30"]

1. e4 {[%emt 0:02:22]} c5 {[%emt 0:00:52]} 2. Nf3 {[%emt 0:00:06]} Nc6 {
[%emt 0:00:08]} 3. d4 {[%emt 0:00:09]} cxd4 {[%emt 0:00:09]} 4. Nxd4 {[%emt 0:
00:07]} Nf6 {[%emt 0:00:25]} 5. Nc3 {[%emt 0:00:05]} e5 {[%emt 0:00:09]} 6.
Ndb5 {[%emt 0:00:09]} d6 {[%emt 0:00:08]} 7. Bg5 {[%emt 0:00:11]} a6 {[%emt 0:
00:06]} 8. Na3 {[%emt 0:00:04]} b5 {[%emt 0:00:05]} 9. Nd5 {[%emt 0:00:10]} Be7
{[%emt 0:00:11]} 10. Bxf6 {[%emt 0:00:12]} Bxf6 {[%emt 0:00:06]} 11. c4 {
[%emt 0:00:48]} b4 {[%emt 0:02:57]} 12. Nc2 {[%emt 0:00:05]} O-O {[%emt 0:02:
06]} 13. g3 {[%emt 0:00:27]} Be6 {[%emt 0:02:55]} 14. h4 {[%emt 0:03:32]} a5 {
[%emt 0:04:57]} 15. b3 {[%emt 0:01:20]} a4 {[%emt 0:14:52]} 16. Bg2 {[%emt 0:
06:03]} axb3 {[%emt 0:04:37]} 17. axb3 {[%emt 0:00:38]} Rxa1 {[%emt 0:00:35]}
18. Nxf6+ {[%emt 0:12:17]} gxf6 {[%emt 0:09:24]} 19. Qxa1 {[%emt 0:00:11]} Qa5
{[%emt 0:01:28]} 20. O-O {[%emt 0:12:28]} Ra8 {[%emt 0:01:43]} 21. Qd1 {
[%emt 0:02:11]} Qc5 {[%emt 0:00:45]} 22. Kh2 {[%emt 0:05:49]} Ra2 {[%emt 0:12:
37]} 23. Qb1 {[%emt 0:03:00]} Qa7 {[%emt 0:06:16]} 24. Bh3 {[%emt 0:11:16]}
Bxh3 {[%emt 0:13:19]} 25. Kxh3 {[%emt 0:00:05]} Nd4 {[%emt 0:11:28]} 26. Nxd4 {
[%emt 0:05:26]} exd4 {[%emt 0:00:04]} 27. Qd3 {[%emt 0:01:08]} Ra1 {[%emt 0:00:
16]} 28. Rd1 {[%emt 0:07:52]} Rxd1 {[%emt 0:01:02]} 29. Qxd1 {[%emt 0:00:29]}
Kg7 {[%emt 0:07:42]} 30. Kg2 {[%emt 0:02:09]} Qa2 {[%emt 0:02:10]} 31. Qg4+ {
[%emt 0:11:41]} Kf8 {[%emt 0:00:06]} 32. Qc8+ {[%emt 0:00:18]} Kg7 {[%emt 0:00:
04]} 33. Qg4+ {[%emt 0:00:39]} Kf8 {[%emt 0:00:04]} 1/2-1/2

[Event "36th European Club Cup 2021"]
[Site "Struga"]
[Date "2021.09.22"]
[Round "5.54"]
[White "Thorn, Eric"]
[Black "Jeitz, Christian"]
[Result "1-0"]
[WhiteElo "2292"]
[BlackElo "2231"]
[Annotator "NA"]
[PlyCount "79"]
[EventDate "2021.09.18"]
[EventType "team-tourn"]
[EventCountry "MKD"]
[SourceTitle "playchess.com"]
[Source "ChessBase"]
[SourceQuality "1"]
[TimeControl "40/5400+30:1800+30"]

1. e4 {[%emt 0:00:06]} c5 {[%emt 0:00:05]} 2. Nf3 {[%emt 0:00:10]} Nc6 {
[%emt 0:00:07]} 3. Bb5 {[%emt 0:00:11]} g6 {[%emt 0:00:34]} 4. Bxc6 {[%emt 0:
00:09]} dxc6 {[%emt 0:00:09]} 5. d3 {[%emt 0:00:06]} Bg7 {[%emt 0:00:16]} 6. h3
{[%emt 0:00:10]} e5 {[%emt 0:00:20]} 7. Be3 {[%emt 0:00:18]} Qe7 {[%emt 0:00:
10]} 8. Qd2 {[%emt 0:00:56]} Nf6 {[%emt 0:00:31]} 9. Nc3 {[%emt 0:00:18]} Nd7 {
[%emt 0:01:02]} 10. Bh6 {[%emt 0:00:30]} Bxh6 {[%emt 0:00:44]} 11. Qxh6 {
[%emt 0:00:15]} f6 {[%emt 0:00:19]} 12. Nd2 {[%emt 0:00:10]} Nf8 {[%emt 0:04:
18]} 13. f4 {[%emt 0:00:37]} exf4 {[%emt 0:01:16]} 14. Qxf4 {[%emt 0:00:08]}
Be6 {[%emt 0:01:04]} 15. O-O {[%emt 0:01:28]} Nd7 {[%emt 0:01:07]} 16. Rae1 {
[%emt 0:06:03]} O-O {[%emt 0:09:32]} 17. Qc7 {[%emt 0:11:38]} Rab8 {[%emt 0:13:
10]} 18. Nd5 {[%emt 0:16:48]} Qf7 {[%emt 0:18:49]} 19. Nf4 {[%emt 0:00:56]}
Rfe8 {[%emt 0:02:45]} 20. Rf2 {[%emt 0:06:30]} Nf8 {[%emt 0:11:33]} 21. Nxe6 {
[%emt 0:06:43]} Qxe6 {[%emt 0:00:52]} 22. Ref1 {[%emt 0:10:02]} Nd7 {[%emt 0:
00:17]} 23. Nc4 {[%emt 0:01:32]} Rec8 {[%emt 0:01:54]} 24. Qg3 {[%emt 0:01:10]}
Rf8 {[%emt 0:01:07]} 25. Ne3 {[%emt 0:11:42]} Ne5 {[%emt 0:08:37]} 26. Ng4 {
[%emt 0:02:32]} Nxg4 {[%emt 0:04:09]} 27. hxg4 {[%emt 0:00:02]} Rbe8 {[%emt 0:
03:11]} 28. g5 {[%emt 0:02:25]} f5 {[%emt 0:03:56]} 29. exf5 {[%emt 0:00:12]}
Rxf5 {[%emt 0:00:06]} 30. Rxf5 {[%emt 0:01:07]} gxf5 {[%emt 0:00:03]} 31. Qf2 {
[%emt 0:00:36]} Rf8 {[%emt 0:00:53]} 32. Qxc5 {[%emt 0:01:18]} Qxa2 {[%emt 0:
00:53]} 33. b3 {[%emt 0:02:47]} Qb2 {[%emt 0:03:30]} 34. Kh2 {[%emt 0:08:35]}
Rf7 {[%emt 0:03:28]} 35. d4 {[%emt 0:02:13]} b6 {[%emt 0:00:52]} 36. Qc4 {
[%emt 0:00:05]} Kg7 {[%emt 0:00:24]} 37. Re1 {[%emt 0:03:21]} a5 {[%emt 0:02:
09]} 38. Qxc6 {[%emt 0:00:28]} Rf8 {[%emt 0:04:28]} 39. Re7+ {[%emt 0:00:39]}
Kg8 {[%emt 0:00:29]} 40. Qe6+ {[%emt 0:00:00]} 1-0

[Event "36th European Club Cup 2021"]
[Site "Struga"]
[Date "2021.09.22"]
[Round "5.55"]
[White "Uruci, Endrit"]
[Black "Markoja, Boris"]
[Result "1/2-1/2"]
[WhiteElo "2279"]
[BlackElo "2453"]
[Annotator "ChessBase"]
[PlyCount "60"]
[EventDate "2021.09.18"]
[EventType "team-tourn"]
[EventCountry "MKD"]
[SourceTitle "playchess.com"]
[Source "ChessBase"]
[SourceQuality "1"]
[TimeControl "40/5400+30:1800+30"]

1. e4 {[%emt 0:00:12]} e6 {[%emt 0:00:07]} 2. d4 {[%emt 0:00:06]} d5 {[%emt 0:
00:04]} 3. exd5 {[%emt 0:01:06]} exd5 {[%emt 0:00:08]} 4. Bd3 {[%emt 0:00:07]}
Nc6 {[%emt 0:00:59]} 5. c3 {[%emt 0:00:10]} Bd6 {[%emt 0:01:34]} 6. Ne2 {
[%emt 0:01:00]} Qf6 {[%emt 0:01:30]} 7. Nd2 {[%emt 0:02:10]} Nge7 {[%emt 0:02:
05]} 8. O-O {[%emt 0:00:12]} Bf5 {[%emt 0:04:03]} 9. Nf3 {[%emt 0:01:44]} Bxd3
{[%emt 0:10:14]} 10. Qxd3 {[%emt 0:00:22]} h6 {[%emt 0:02:22]} 11. Ng3 {
[%emt 0:00:32]} O-O {[%emt 0:01:36]} 12. Re1 {[%emt 0:01:48]} Rfe8 {[%emt 0:04:
06]} 13. Bd2 {[%emt 0:01:36]} Qg6 {[%emt 0:06:35]} 14. Qxg6 {[%emt 0:01:17]}
Nxg6 {[%emt 0:03:12]} 15. Nf5 {[%emt 0:00:12]} Bf4 {[%emt 0:03:22]} 16. g3 {
[%emt 0:00:16]} Bxd2 {[%emt 0:00:12]} 17. Nxd2 {[%emt 0:00:07]} Nce7 {[%emt 0:
01:28]} 18. Nxe7+ {[%emt 0:00:27]} Rxe7 {[%emt 0:00:27]} 19. Rxe7 {[%emt 0:00:
11]} Nxe7 {[%emt 0:00:08]} 20. Re1 {[%emt 0:00:07]} Kf8 {[%emt 0:00:10]} 21.
Kf1 {[%emt 0:00:47]} Re8 {[%emt 0:00:05]} 22. Nf3 {[%emt 0:00:08]} Nc6 {
[%emt 0:00:13]} 23. Rxe8+ {[%emt 0:00:07]} Kxe8 {[%emt 0:00:03]} 24. Ke2 {
[%emt 0:00:06]} Ke7 {[%emt 0:00:06]} 25. Nd2 {[%emt 0:00:06]} Nd8 {[%emt 0:00:
12]} 26. Ke3 {[%emt 0:00:13]} c6 {[%emt 0:00:12]} 27. Nf3 {[%emt 0:00:12]} Ne6
{[%emt 0:00:09]} 28. Nd2 {[%emt 0:00:15]} Nc7 {[%emt 0:00:03]} 29. Nf3 {
[%emt 0:00:09]} Ne8 {[%emt 0:00:05]} 30. Nd2 {[%emt 0:00:07]} Nd6 {[%emt 0:00:
05]} 1/2-1/2

[Event "36th European Club Cup 2021"]
[Site "Struga"]
[Date "2021.09.22"]
[Round "5.56"]
[White "Subelj, Jan"]
[Black "Saraci, Korab"]
[Result "1-0"]
[WhiteElo "2415"]
[BlackElo "2154"]
[Annotator "NA"]
[PlyCount "77"]
[EventDate "2021.09.18"]
[EventType "team-tourn"]
[EventCountry "MKD"]
[SourceTitle "playchess.com"]
[Source "ChessBase"]
[SourceQuality "1"]
[TimeControl "40/5400+30:1800+30"]

1. e4 {[%emt 0:00:20]} e5 {[%emt 0:00:04]} 2. Nf3 {[%emt 0:00:30]} Nf6 {
[%emt 0:00:04]} 3. Nxe5 {[%emt 0:01:31]} d6 {[%emt 0:00:06]} 4. Nf3 {[%emt 0:
00:09]} Nxe4 {[%emt 0:00:08]} 5. Nc3 {[%emt 0:01:00]} Nxc3 {[%emt 0:00:06]} 6.
dxc3 {[%emt 0:00:07]} Be7 {[%emt 0:00:05]} 7. Be3 {[%emt 0:00:32]} Nd7 {
[%emt 0:00:11]} 8. Qd2 {[%emt 0:00:48]} O-O {[%emt 0:00:15]} 9. O-O-O {[%emt 0:
00:08]} Nf6 {[%emt 0:03:12]} 10. Bd3 {[%emt 0:01:17]} c5 {[%emt 0:03:56]} 11.
Bg5 {[%emt 0:05:30]} Qa5 {[%emt 0:10:29]} 12. a3 {[%emt 0:03:58]} Be6 {[%emt 0:
08:16]} 13. Rhe1 {[%emt 0:04:21]} Rfe8 {[%emt 0:02:07]} 14. Qf4 {[%emt 0:04:00]
} c4 {[%emt 0:10:29]} 15. Bxf6 {[%emt 0:16:37]} Bxf6 {[%emt 0:26:42]} 16. Bxc4
{[%emt 0:01:51]} d5 {[%emt 0:01:23]} 17. Bb3 {[%emt 0:02:26]} Qc5 {[%emt 0:06:
37]} 18. Nd4 {[%emt 0:13:36]} Bd7 {[%emt 0:01:28]} 19. Kb1 {[%emt 0:04:39]} h6
{[%emt 0:05:33]} 20. Nf5 {[%emt 0:02:11]} Bg5 {[%emt 0:04:54]} 21. Rxe8+ {
[%emt 0:01:59]} Rxe8 {[%emt 0:00:36]} 22. Qf3 {[%emt 0:00:43]} Bc6 {[%emt 0:05:
37]} 23. h4 {[%emt 0:01:41]} d4 {[%emt 0:01:27]} 24. Qh3 {[%emt 0:00:19]} Bf6 {
[%emt 0:02:30]} 25. cxd4 {[%emt 0:00:17]} Qa5 {[%emt 0:00:57]} 26. Nd6 {
[%emt 0:01:42]} Re7 {[%emt 0:02:02]} 27. Qc8+ {[%emt 0:09:44]} Kh7 {[%emt 0:00:
06]} 28. Nxf7 {[%emt 0:00:22]} Re8 {[%emt 0:02:28]} 29. Qh3 {[%emt 0:22:42]}
Qh5 {[%emt 0:00:52]} 30. Qd3+ {[%emt 0:00:00]} Be4 {[%emt 0:00:22]} 31. Qd2 {
[%emt 0:00:00]} Bg6 {[%emt 0:00:41]} 32. Ne5 {[%emt 0:00:00]} Rd8 {[%emt 0:00:
34]} 33. g4 {[%emt 0:00:00]} Qxh4 {[%emt 0:00:16]} 34. Nxg6 {[%emt 0:00:00]}
Qxg4 {[%emt 0:00:28]} 35. Nf4 {[%emt 0:00:00]} Rxd4 {[%emt 0:00:17]} 36. Nd3 {
[%emt 0:00:00]} h5 {[%emt 0:00:47]} 37. Re1 {[%emt 0:00:00]} h4 {[%emt 0:00:49]
} 38. Qe3 {[%emt 0:00:00]} Qg2 {[%emt 0:01:44]} 39. Qe8 {[%emt 0:00:00]} 1-0